Normal view
MARC view
- Reece, Jane B.
Entry Personal Name
001 - CONTROL NUMBER
- control field: 3345
003 - CONTROL NUMBER IDENTIFIER
- control field: NUST
005 - DATE AND TIME OF LATEST TRANSACTION
- control field: 20170717173133.0
008 - FIXED-LENGTH DATA ELEMENTS
- fixed length control field: 170717|| aca||aabn | a|a d
040 ## - CATALOGING SOURCE
- Original cataloging agency: NUST
- Transcribing agency: NUST
100 ## - HEADING--PERSONAL NAME
- Personal name: Reece, Jane B.
670 ## - SOURCE DATA FOUND
- Source citation: Work cat.: (NUST)0: Campbell, Neil A., 1946-2004. 3343, Essential biology with physiology /, c2007.
